| 000 | 02474cam a2200445 i 4500 | ||
|---|---|---|---|
| 999 |
_c80331 _d80331 |
||
| 003 | BJBSDDR | ||
| 005 | 20230410130801.0 | ||
| 007 | ta | ||
| 008 | 141203s2014 nyua 001 0 eng | ||
| 020 | _a9780307476838 (pbk.) | ||
| 020 | _a0307476839 (pbk.) | ||
| 035 | _a18394448 | ||
| 040 |
_aDLC _beng _cDLC |
||
| 041 | _aeng | ||
| 042 | _apcc | ||
| 050 | 1 | 4 |
_aPN 4749 _bD287n 2014 |
| 082 | 0 | 0 |
_a302.23 _223 |
| 100 | 1 |
_aDe Botton, Alain, _d1969- |
|
| 245 | 1 | 4 |
_aThe news : _ba user's manual / _cAlain De Botton. |
| 250 | _aFirst Vintage International edition. | ||
| 264 | 1 |
_aNew York : _bVintage International, Vintage Books, a division of Random House, LLC, _c2014. |
|
| 300 |
_a268 pages : _billustrations ; _c21 cm |
||
| 336 |
_atext _btxt _2rdacontent |
||
| 337 |
_aunmediated _bn _2rdamedia |
||
| 338 |
_avolume _bnc _2rdacarrier |
||
| 500 | _aIncludes index. | ||
| 505 | 0 | _aPreface -- Politics -- World news -- Economics -- Celebrity -- Disaster -- Consumption -- Conclusion. | |
| 520 | _aThe News: A User’s Manual is an insightful analysis of the impact of the incessant news machine on us and our culture. The news is everywhere. We can’t stop constantly checking it on our computer screens, but what is this doing to our minds? We are never taught how to make sense of the torrent of news we face daily, which has a huge influence on our sense of what matters and of how we should lead our lives. Alain de Botton takes twenty-five archetypal news stories—including an airplane crash, a murder, a celebrity interview, and a political scandal—and submits them to intense analysis. Why are disaster stories often so uplifting? Why do we enjoy watching politicians being brought down? Why are upheavals in far-off lands often so boring? What makes the love lives of celebrities so interesting? De Botton has written the ultimate guide for our frenzied era, designed to bring calm, understanding, and a measure of sanity to a news-obsessed age. -- Amazon.com. | ||
| 650 | 0 |
_aJournalism _xSocial aspects. |
|
| 650 | 0 |
_aJournalism _xPolitical aspects. |
|
| 650 | 0 |
_aMass media _xSocial aspects. |
|
| 650 | 0 |
_aMass media _xPolitical aspects. |
|
| 650 | 0 | _aNews audiences. | |
| 650 | 4 |
_aPeriodismo _95668 _xAspectos sociales |
|
| 650 | 4 |
_aPeriodismo _91392 _xAspectos políticos |
|
| 650 | 0 |
_aMedios de comunicación _xAspectos sociales _94051 |
|
| 650 | 4 |
_aMedios de comunicación _95669 _xAspectos políticos |
|
| 942 |
_2lcc _cBK |
||
| 946 | _adpf | ||